Minolta Dimage Scan Dual III

Podrobná bibliografia
Hlavný autor: (jak) (Autor)
Médium: Článok
Jazyk:slovenčina
PhysicalDescription:Fotogr.
ISSN:1335-0773
Predmet:

MARC

LEADER 00000nab a2200000 a 4500
001 vtls000829750
003 SK-MaSNL
005 20260304120613.0
008 250429c2003 xo 0 slo
015 |a SNBRB2003/03-09641 
035 |a CLN000181405 
035 |a urn:nbn:sk:snk-ab7c0j 
035 |a (uuid)70c09153-1fd8-47df-b373-3e8a064ecadd 
035 |a (urnnbn)urn:nbn:sk:snk:ar-a07ifp 
040 |a SNKBUCL  |b slo  |c SNKBUCL  |e AACR2 
041 0 |a slo 
044 |a xo  |c SK 
080 |a 771.42  |2 1997 
100 1 |a (jak)  |4 aut  |9 886231 
245 1 0 |a Minolta Dimage Scan Dual III  |c [autor] (jak) 
300 |b Fotogr. 
650 0 7 |a Minolta Dimage Scan Dual III (skener)  |2 snkbucl  |9 1416489 
650 0 7 |a skenery  |2 snkbucl  |9 1877 
655 7 |a články z novín a časopisov  |2 snkbucl  |9 267496 
773 0 |t Fototip  |g Roč. 10, č. 1 (2003), s. 26  |x 1335-0773 
850 |a Slovenská národná knižnica 
852 |a Slovenská národná knižnica 
954 |a odborná, vedecká literatúra pôvodná (slovenská)  |2 lita 
958 |a article27 
958 |a OND 
958 |a EUIPO 
999 |c 2880813  |d 2882743